| Tag |
First Indicator |
Second Indicator |
Subfields |
| LEADER |
00000cam a2200000La 4500 |
| 001 |
in00001753681 |
| 005 |
20220105121051.0 |
| 006 |
m u |
| 007 |
cr cn- |
| 008 |
000807s1999 txua s 001 0 eng d |
| 010 |
|
|
|z 99036974
|
| 020 |
|
|
|a 0585227977 (electronic bk.) :
|c $18.95
|
| 020 |
|
|
|z 1556226519 (pbk.)
|
| 035 |
|
|
|a (OCoLC)ocm44959980
|
| 040 |
|
|
|a N$T
|c N$T
|d OCL
|d UtOrBLW
|
| 043 |
|
|
|a n-us-tx
|
| 049 |
|
|
|a IKMN
|
| 050 |
1 |
4 |
|a TX714
|b .S559 1999eb
|
| 082 |
0 |
4 |
|a 641.5
|2 21
|
| 100 |
1 |
|
|a Siena-Bivona, Ginnie.
|0 http://id.loc.gov/authorities/names/n92078414
|
| 245 |
1 |
0 |
|a Top Texas chefs :
|b favorite recipes /
|c by Ginnie Siena Bivona & Sharry Buckner.
|
| 246 |
3 |
|
|a Texas chefs
|
| 264 |
|
1 |
|a Plano, TX :
|b Republic of Texas Press,
|c 1999.
|
| 300 |
|
|
|a xii, 204 pages :
|b illustrations ;
|c 20 x 24 cm.
|
| 336 |
|
|
|a text
|b txt
|2 rdacontent
|
| 337 |
|
|
|a computer
|b c
|2 rdamedia
|
| 338 |
|
|
|a online resource
|b cr
|2 rdacarrier
|
| 533 |
|
|
|a Electronic reproduction.
|b Boulder, Colo. :
|c NetLibrary,
|d 2000.
|n Available via the World Wide Web.
|n Available in multiple electronic file formats.
|n Access may be limited to NetLibrary affiliated libraries.
|
| 500 |
|
|
|a Electronic resource.
|
| 650 |
|
0 |
|a Cooking.
|0 http://id.loc.gov/authorities/subjects/sh2010008400
|
| 650 |
|
0 |
|a Cooks
|z Texas.
|
| 655 |
|
7 |
|a Electronic books.
|2 local
|
| 700 |
1 |
|
|a Buckner, Sharry.
|0 http://id.loc.gov/authorities/names/n97012830
|
| 710 |
2 |
|
|a NetLibrary, Inc.
|0 http://id.loc.gov/authorities/names/no99080690
|
| 776 |
1 |
|
|c Original
|w (DLC) 99036974
|w (OCoLC)41619366
|
| 856 |
4 |
1 |
|u https://proxy.library.tamu.edu/login?url=http://www.netLibrary.com/urlapi.asp?action=summary&v=1&bookid=28268
|z Connect to the full text of this electronic book
|t 0
|
| 994 |
|
|
|a 92
|b IKM
|
| 999 |
|
|
|a MARS
|
| 999 |
f |
f |
|s 41a36da8-4ace-3bfe-b17b-0cbd72275d18
|i 64761282-6cc1-31f9-a809-c97f697a626e
|t 0
|
| 952 |
f |
f |
|a Texas A&M University
|b College Station
|c Electronic Resources
|d Available Online
|t 0
|e TX714 .S559 1999eb
|h Library of Congress classification
|
| 998 |
f |
f |
|a TX714 .S559 1999eb
|t 0
|l Available Online
|